Datum a čas kvízu
43.5
Celkem bodů
Celkový počet nahraných bodů na tomto kvízu bez doplňovacích otázek.
1.
Pořadí na kvízu
Konečné umístění týmu na tomto kvízu.
Zaznamenané odpovědi
| # | Otázka | Odpověď | Body | Výsledky |
|---|---|---|---|---|
| 1. | Nejsledovanějším, nejprestižně... | Jedlovou | 1 | |
| 2. | Již poněkolikáté vyhrál volby... | po Adolfu Hitlerovi | 1 | |
| 3. | Která televizní stanice letos... | TV Seznam | 1 | |
| 4. | Která automobilka představila... | Škoda Auto | 1 | |
| 5. | Kterému hráči se minulý týden... | Kylian Mbappé | 1 | |
| 6. | Seřaďte tyto ostrovy dle rozlo... | 1C 2A 3D 4B | 0 | |
| 7. | Nyní přiřaďte ostrovy ke států... | 1C 2B 3A 4D | 1 | |
| 8. | Kterému ostrovnímu středomořsk... | Malta | 1 | |
| 9. | Nyní si odskočíme ke kinematog... | Řek Zorba, Anthony Quinn | 1 | |
| 10. | Ke kterému středomořskému ostr... | Elba | 0 |